| 000 | 00693nam a2200193 i 4500 | ||
|---|---|---|---|
| 001 | 79129 | ||
| 003 | ES-MaACL | ||
| 005 | 20230906173916.0 | ||
| 007 | t| | ||
| 008 | 041019s1962 sp ||||1| spa d | ||
| 100 | 1 |
_aHenderson, James M. _962519 |
|
| 245 | 1 | 0 |
_aTeoría microeconómica _b: una aproximación matemática / _cpor James M. Henderson, Richard E. Quandt ; prólogo de Emilio de Figueroa ; traduccion de José Ramón Lasuen. |
| 260 |
_aBarcelona : _bAriel, _c[1962] |
||
| 300 |
_aXVI, 334 p. : _bil. ; _c24 cm. |
||
| 700 | 1 |
_aQuandt, Ricahrd E. _994483 |
|
| 700 | 1 |
_aFigueroa, Emilio de. _950780 |
|
| 700 | 1 |
_aLasuén, José Ramón. _970506 |
|
| 852 |
_aES-MaACL _jC-21544 _bR.50071 |
||
| 999 |
_c79129 _d79129 |
||